Ciencia, religión y socialismo / (Record no. 111191)

MARC details
000 -LEADER
campo de control de longitud fija 00677nam a2200217 4500
001 - NÚMERO DE CONTROL
campo de control 111191
003 - IDENTIFICADOR DE NÚMERO DE CONTROL
campo de control ES-MaACL
005 - FECHA Y HORA DE LA ÚLTIMA TRANSACCIÓN
campo de control 20230906185247.0
007 - CAMPO FIJO DE DESCRIPCIÓN FÍSICA--INFORMACIÓN GENERAL
campo de control de longitud fija t|
008 - DATOS DE LONGITUD FIJA--INFORMACIÓN GENERAL
campo de control de longitud fija 061121s1978 sp r ||||1| spa d
100 1# - ENTRADA PRINCIPAL--NOMBRE DE PERSONA
Nombre de persona Needham, Joseph.
9 (RLIN) 85277
245 10 - MENCIÓN DEL TÍTULO
Título Ciencia, religión y socialismo /
Mención de responsabilidad, etc. Joseph Needham; introducción de Gary Werskey; traducción de Doménec Bergada.
260 ## - PUBLICACIÓN, DISTRIBUCIÓN, ETC.
Lugar de publicación, distribución, etc. Barcelona :
Nombre del editor, distribuidor, etc. Crítica,
Fecha de publicación, distribución, etc. 1978.
300 ## - DESCRIPCIÓN FÍSICA
Extensión 414 p. ;
Dimensiones 20 cm.
490 1# - MENCIÓN DE SERIE
Mención de serie Estudios y ensayos
700 1# - ENTRADA AGREGADA--NOMBRE PERSONAL
Nombre de persona Werskey, Gary.
9 (RLIN) 116514
700 1# - ENTRADA AGREGADA--NOMBRE PERSONAL
Nombre de persona Bergadá, Doménec.
9 (RLIN) 27918
830 0# - PUNTO DE ACCESO ADICIONAL DE SERIE-TÍTULO UNIFORME
Título uniforme Estudios y ensayos
9 (RLIN) 181863
852 ## - LOCALIZACIÓN
Ubicación ES-MaACL
Número de control de estantería A-9828
Sublocalización o colección R.98408
Holdings
Estatus retirado Estado de pérdida Estado de daño No para préstamo Biblioteca de origen Biblioteca actual Ubicación en estantería Fecha de adquisición Fuente de adquisición Total de préstamos Signatura topográfica completa Código de barras Visto por última vez Precio de reemplazo Tipo de ítem Koha
        Biblioteca del Ateneo de Madrid Biblioteca del Ateneo de Madrid Depósito 1 17/01/2008     A-9828 1116008 23/02/2023 23/02/2023 Libro impreso